Alšova vlast verše k obrazovému cyklu Mikoláše Alše

Bibliographic Details
Main Author: Stehlík, Ladislav, 1908-1987 (Author)
Format: Book
Language:Czech
PhysicalDescription:36, [3] s. ilustr. 4°
Published: Praha Albatros 1980
Edition:2. vyd.
Series:Klub mladých čtenářů
Subjects:

MARC

LEADER 00000nam a2200000 a 4500
001 vtls001146688
003 SK-MaSNL
005 20260301002137.0
008 250313s1980 xr a g 000 pdcze
035 |a SNK000089547 
035 |a urn:nbn:sk:snk-amjuad 
035 |a urn:nbn:sk:snk-am008155 
035 |a 1C2DA64C-3010-4F7F-B331-8F9C32D49487 
040 |a SNK  |b slo  |c SNK  |e AACR2 
041 0 |a cze 
044 |a xr  |c CZ 
080 |a 885.0-14  |2 1981 
080 |a 75(437)(091):779  |2 1981 
100 1 |a Stehlík, Ladislav,  |d 1908-1987  |4 aut  |9 5710 
245 1 0 |a Alšova vlast  |b verše k obrazovému cyklu Mikoláše Alše  |c Ladislav Stehlík 
250 |a 2. vyd. 
260 |a Praha  |b Albatros  |c 1980 
300 |a 36, [3] s.  |b ilustr.  |c 4° 
490 1 |a Klub mladých čtenářů  |v Roč. 16 
500 |a Biogr. údaje 
600 1 7 |a Aleš, Mikoláš,  |d 1852-1913  |2 SNKMA  |9 103292 
650 0 7 |a výtvarníci  |2 SNKPH  |9 118705 
655 7 |a česká poézia  |2 SNKPH  |9 70569 
830 0 |a Klub mladých čtenářů  |9 280660 
852 |a Slovenská národná knižnica 
954 |a beletria cudzojazyčná (svetová)  |2 lita 
958 |a OND 
999 |c 536664  |d 538594 
952 |a SNK  |b SNK  |y PREZ  |7 0  |p 17A1001155  |o snkSB 31721  |i snkKIP 3564/81  |0 0  |1 0  |4 0  |d 2014-11-04  |f 1  |l 0  |r 2025-04-04 00:00:00  |w 2026-02-23 
952 |a SNK  |b SNK  |y VYP  |7 0  |o snkSB 31721 D1  |i snkKIP 3565/81  |0 0  |1 0  |4 0  |d 2014-11-04  |l 0  |r 2026-02-23 12:27:36  |w 2026-02-23